[Event "CEDIS Festival saha - finale"]
[Site "Podgorica"]
[Date "2025.11.14"]
[Round "1.1"]
[White "Zarudniak, Elisei"]
[Black "Sekulic, Nikola"]
[Result "0-1"]
[WhiteElo "1660"]
[BlackElo "2023"]
[WhiteFideId "-1"]
[WhiteFideId "-1"]
[PlyCount "54"]
[GameId "2245357842329003"]
[EventDate "2025.11.14"]
[EventType "tourn"]
[EventRounds "9"]
[EventCountry "MNE"]
[SourceVersionDate "2025.11.18"]

1. e4 e6 2. d4 d5 3. Nd2 Bb4 4. c3 Ba5 5. Ngf3 Ne7 6. Bd3 Nd7 7. O-O c6 8. Nb3 Bc7 9. Bg5 dxe4 10. Bxe4 Nf6 11. Bxf6 gxf6 12. Nh4 f5 13. Bc2 Ng6 14. Nxg6 hxg6 15. g3 b6 16. Nd2 Bb7 17. Qf3 Rb8 18. Qe3 c5 19. Bb3 Rxh2 20. Nf3 f4 21. Qd3 fxg3 22. fxg3 Rh3 23. Ne5 Bxe5 24. Qb5+ Kf8 25. dxe5 Rxg3+ 26. Kf2 Rg2+ 27. Ke3 Qd2# 0-1

[Event "CEDIS Festival saha - finale"]
[Site "Podgorica"]
[Date "2025.11.14"]
[Round "1.2"]
[White "Sijaric, Alvir"]
[Black "Abramovic, Dragoljub"]
[Result "1/2-1/2"]
[WhiteElo "1978"]
[BlackElo "1981"]
[WhiteFideId "-1"]
[WhiteFideId "-1"]
[PlyCount "120"]
[GameId "2245359953173997"]
[EventDate "2025.11.14"]
[EventType "tourn"]
[EventRounds "9"]
[EventCountry "MNE"]
[SourceVersionDate "2025.11.18"]

1. d4 d5 2. c4 c6 3. Nf3 Nf6 4. g3 Bf5 5. Bg2 e6 6. O-O h6 7. Qb3 Qb6 8. Nc3 Nbd7 9. c5 Qxb3 10. axb3 a6 11. b4 Rc8 12. Nh4 Bh7 13. f4 Be7 14. Nf3 Ne4 15. Nd2 Nxd2 16. Bxd2 O-O 17. Nd1 Nf6 18. Nf2 Ne4 19. Nxe4 Bxe4 20. Bxe4 dxe4 21. Kf2 Rcd8 22. Bc3 f5 23. e3 g5 24. Rh1 Kf7 25. Rag1 Rg8 26. Be1 Bf6 27. Kf1 Rg7 28. h4 gxf4 29. gxf4 Rdg8 30. Rxg7+ Rxg7 31. h5 Ke7 32. Rg1 Rxg1+ 33. Kxg1 Kd7 34. Kf1 Be7 35. Ke2 Kc7 36. Kd1 b6 37. Bc3 Bf8 38. Kc2 Kb7 39. Kb3 b5 40. Be1 Be7 41. Bc3 Bf8 42. Be1 Kc8 43. Bh4 Bg7 44. Kc2 Kd7 45. Kd1 Ke8 46. Ke2 Kf7 47. b3 Bf8 48. Bd8 Bg7 49. Bh4 Ke8 50. Kd1 Kd7 51. Ke2 Kc8 52. Kd1 Kb7 53. Kc2 Bf8 54. Bf6 a5 55. bxa5 b4 56. Kd2 Ka6 57. Bd8 Kb5 58. Ke2 Bg7 59. Kf2 Ka6 60. Ke2 Kb5 1/2-1/2

[Event "CEDIS Festival saha - finale"]
[Site "Podgorica"]
[Date "2025.11.14"]
[Round "1.3"]
[White "Rasovic, Uros"]
[Black "Djukanovic, Sreten"]
[Result "0-1"]
[WhiteElo "2242"]
[BlackElo "2115"]
[WhiteFideId "-1"]
[WhiteFideId "-1"]
[PlyCount "150"]
[GameId "2245361408732762"]
[EventDate "2025.11.14"]
[EventType "tourn"]
[EventRounds "9"]
[EventCountry "MNE"]
[SourceVersionDate "2025.11.18"]

1. e4 c5 2. Nf3 d6 3. d4 cxd4 4. Qxd4 a6 5. Bc4 Nc6 6. Qd3 e6 7. Bg5 Qc7 8. Bb3 Nf6 9. Nc3 Be7 10. O-O-O b5 11. Bxf6 gxf6 12. Nd4 Nxd4 13. Qxd4 Qc5 14. f4 h5 15. Qd3 Bd7 16. f5 b4 17. Ne2 a5 18. Nd4 e5 19. Nf3 Bb5 20. Qd5 Qxd5 21. Bxd5 Rc8 22. Rhe1 Bd8 23. Kd2 Bb6 24. Rc1 Ke7 25. c4 Ba6 26. g3 a4 27. b3 Rc7 28. Kd3 Rhc8 29. bxa4 Rc5 30. Nd2 Ra5 31. Rc2 Rxa4 32. Rb1 Bd4 33. Nb3 Ra3 34. Ke2 Bc3 35. Kd3 Bd4 36. Rg2 Rc7 37. Rc1 Bc8 38. Rcc2 Bd7 39. Kd2 Bc3+ 40. Ke2 Rca7 41. Kd3 Ba4 42. g4 hxg4 43. Rxg4 Bd4 44. Kd2 Be8 45. Nxd4 exd4 46. c5 dxc5 47. Rxc5 Rc3 48. Rxc3 dxc3+ 49. Kd3 Bb5+ 50. Kd4 Be2 51. Rg1 Kd6 52. Re1 c2 53. Ke3 Bd1 54. Kd2 Ke5 55. Kc1 Rc7 56. Rg1 Bf3 57. Rg7 Bxe4 58. Rxf7 Rxf7 59. Bxf7 Bxf5 60. Bb3 Kd4 61. Kd2 Bg4 62. Bxc2 f5 63. h4 f4 64. Bd1 Be6 65. Bb3 Bg4 66. Bc2 f3 67. Bd3 f2 68. Bf1 Be6 69. Bd3 Bxa2 70. h5 Bb1 71. Bf1 b3 72. Kc1 Bd3 73. h6 Kc3 74. Kd1 b2 75. Bxd3 Kxd3 0-1

[Event "CEDIS Festival saha - finale"]
[Site "Podgorica"]
[Date "2025.11.14"]
[Round "1.4"]
[White "Pavlovic, David"]
[Black "Jankovic, Jovan"]
[Result "1-0"]
[WhiteElo "1747"]
[BlackElo "1890"]
[WhiteFideId "-1"]
[WhiteFideId "-1"]
[PlyCount "77"]
[GameId "2245363921784683"]
[EventDate "2025.11.14"]
[EventType "tourn"]
[EventRounds "9"]
[EventCountry "MNE"]
[SourceVersionDate "2025.11.18"]

1. e4 e5 2. Nf3 Nf6 3. Nc3 Nc6 4. d4 exd4 5. Nxd4 Nxd4 6. Qxd4 d6 7. Bd3 Be7 8. O-O O-O 9. Bg5 h6 10. Bh4 Be6 11. Kh1 c5 12. Qa4 a6 13. e5 dxe5 14. Bxf6 Bxf6 15. Qe4 g6 16. Qxb7 Qd4 17. Rad1 Rfb8 18. Qf3 Qh4 19. g3 Bg4 20. Qxa8 Rxa8 21. gxh4 Bxd1 22. Rxd1 Bxh4 23. Kg2 Kg7 24. Bc4 Ra7 25. Rd6 a5 26. Ra6 Rd7 27. Bd3 f5 28. f3 c4 29. Bxc4 Rd2+ 30. Be2 Bd8 31. Kf1 Rxc2 32. Ra7+ Kf6 33. Rb7 Kg5 34. Ke1 Rc1+ 35. Kf2 h5 36. Nd5 Kh6 37. Ne7 a4 38. h4 Rh1 39. Ng8# 1-0

[Event "CEDIS Festival saha - finale"]
[Site "Podgorica"]
[Date "2025.11.14"]
[Round "1.5"]
[White "Vujadinovic, Zeljko"]
[Black "Lakusic, Zoran"]
[Result "1/2-1/2"]
[WhiteElo "1831"]
[BlackElo "1713"]
[WhiteFideId "-1"]
[WhiteFideId "-1"]
[PlyCount "40"]
[GameId "2245367990726602"]
[EventDate "2025.11.14"]
[EventType "tourn"]
[EventRounds "9"]
[EventCountry "MNE"]
[SourceVersionDate "2025.11.18"]

1. d4 Nf6 2. Nf3 e6 3. c4 Bb4+ 4. Bd2 c5 5. Bxb4 cxb4 6. e3 O-O 7. Nbd2 Nc6 8. Be2 d5 9. O-O Ne4 10. Nxe4 dxe4 11. Nd2 f5 12. b3 Qg5 13. g3 e5 14. d5 Ne7 15. Kh1 Rf6 16. h4 Rh6 17. Kh2 f4 18. Nxe4 Rxh4+ 19. gxh4 Qf5 20. Ng5 Bd7 1/2-1/2

[Event "CEDIS Festival saha - finale"]
[Site "Podgorica"]
[Date "2025.11.15"]
[Round "2.1"]
[White "Sekulic, Nikola"]
[Black "Lakusic, Zoran"]
[Result "1-0"]
[WhiteElo "2023"]
[BlackElo "1713"]
[WhiteFideId "-1"]
[WhiteFideId "-1"]
[PlyCount "37"]
[GameId "2245369244393501"]
[EventDate "2025.11.14"]
[EventType "tourn"]
[EventRounds "9"]
[EventCountry "MNE"]
[SourceVersionDate "2025.11.18"]

1. e4 e6 2. d4 d5 3. Nc3 Bb4 4. e5 c5 5. dxc5 Qa5 6. Bd2 Nc6 7. Nb5 Bxd2+ 8. Qxd2 Qxd2+ 9. Kxd2 Ke7 10. Nf3 Nh6 11. Bd3 Ng4 12. Rae1 Nxf2 13. Rhf1 Nxd3 14. cxd3 h6 15. Nd6 Rf8 16. Nh4 Nd8 17. b4 Bd7 18. Rxf7+ Rxf7 19. Ng6# 1-0

[Event "CEDIS Festival saha - finale"]
[Site "Podgorica"]
[Date "2025.11.15"]
[Round "2.2"]
[White "Jankovic, Jovan"]
[Black "Vujadinovic, Zeljko"]
[Result "0-1"]
[WhiteElo "1890"]
[BlackElo "1831"]
[WhiteFideId "-1"]
[WhiteFideId "-1"]
[PlyCount "42"]
[GameId "2245369845108803"]
[EventDate "2025.11.14"]
[EventType "tourn"]
[EventRounds "9"]
[EventCountry "MNE"]
[SourceVersionDate "2025.11.18"]

1. e4 c6 2. d4 d5 3. Nc3 dxe4 4. Nxe4 Nf6 5. Nxf6+ exf6 6. Nf3 Bd6 7. Be2 O-O 8. O-O Bg4 9. h3 Bh5 10. Nd2 Bg6 11. c3 Re8 12. Nc4 Bc7 13. Bf3 Nd7 14. Be3 Nb6 15. Na5 Rb8 16. Nb3 Qd6 17. g3 Rxe3 18. fxe3 Qxg3+ 19. Bg2 Qh2+ 20. Kf2 Bg3+ 21. Kf3 Bh5+ 0-1

[Event "CEDIS Festival saha - finale"]
[Site "Podgorica"]
[Date "2025.11.15"]
[Round "2.3"]
[White "Djukanovic, Sreten"]
[Black "Pavlovic, David"]
[Result "1-0"]
[WhiteElo "2115"]
[BlackElo "1747"]
[WhiteFideId "-1"]
[WhiteFideId "-1"]
[PlyCount "65"]
[GameId "2245370448572517"]
[EventDate "2025.11.14"]
[EventType "tourn"]
[EventRounds "9"]
[EventCountry "MNE"]
[SourceVersionDate "2025.11.18"]

1. d4 d5 2. c4 e6 3. Nc3 Nf6 4. Bg5 Be7 5. e3 O-O 6. Qb3 dxc4 7. Bxc4 Nc6 8. Qc2 Nb4 9. Qe2 Nbd5 10. Nf3 Nxc3 11. bxc3 Nd5 12. Bxe7 Qxe7 13. Rc1 c6 14. O-O Bd7 15. Bb3 h6 16. c4 Nf6 17. c5 Nh7 18. Ne5 Rad8 19. Rb1 Be8 20. Bc2 f6 21. Qd3 f5 22. Qa3 b5 23. Qa6 Qc7 24. a4 Rf6 25. Bd3 f4 26. axb5 cxb5 27. Bxb5 Bxb5 28. Rxb5 fxe3 29. Rb7 exf2+ 30. Kh1 Qc8 31. Qxa7 Ng5 32. Rxg7+ Kf8 33. Qe7# 1-0

[Event "CEDIS Festival saha - finale"]
[Site "Podgorica"]
[Date "2025.11.15"]
[Round "2.4"]
[White "Abramovic, Dragoljub"]
[Black "Rasovic, Uros"]
[Result "1-0"]
[WhiteElo "1981"]
[BlackElo "2242"]
[WhiteFideId "-1"]
[WhiteFideId "-1"]
[PlyCount "91"]
[GameId "2245371645108438"]
[EventDate "2025.11.14"]
[EventType "tourn"]
[EventRounds "9"]
[EventCountry "MNE"]
[SourceVersionDate "2025.11.18"]

1. d4 Nf6 2. Bg5 e6 3. e4 h6 4. Bxf6 Qxf6 5. c3 d6 6. Nd2 g6 7. g3 Bg7 8. Bg2 O-O 9. Ne2 Nd7 10. O-O e5 11. dxe5 dxe5 12. Qc2 a5 13. Bh3 b6 14. Rad1 Ba6 15. Rfe1 Nc5 16. Nb3 Ne6 17. Bg2 h5 18. c4 Rfd8 19. Rxd8+ Rxd8 20. Nbc1 Nc5 21. b3 Qd6 22. Nc3 Qd2 23. Re2 Qg5 24. h4 Qe7 25. Rd2 Bh6 26. Rxd8+ Qxd8 27. N3e2 Qd6 28. Bf3 Bb7 29. Nc3 f5 30. Nd5 fxe4 31. Be2 Bxd5 32. cxd5 Kg7 33. Bc4 Qf6 34. Be2 e3 35. f3 e4 36. f4 Bxf4 37. gxf4 Qxf4 38. Bf1 Qxh4 39. Qc3+ Kf7 40. Qxe3 Ke7 41. Ne2 Kd6 42. Bg2 Kxd5 43. Nf4+ Kd6 44. Qd4+ Kc6 45. Bxe4+ Nxe4 46. Qd5# 1-0

[Event "CEDIS Festival saha - finale"]
[Site "Podgorica"]
[Date "2025.11.15"]
[Round "2.5"]
[White "Zarudniak, Elisei"]
[Black "Sijaric, Alvir"]
[Result "1-0"]
[WhiteElo "1660"]
[BlackElo "1978"]
[WhiteFideId "-1"]
[WhiteFideId "-1"]
[PlyCount "165"]
[GameId "2245379246162312"]
[EventDate "2025.11.14"]
[EventType "tourn"]
[EventRounds "9"]
[EventCountry "MNE"]
[SourceVersionDate "2025.11.18"]

1. e4 d5 2. exd5 Nf6 3. Nf3 Nxd5 4. d4 g6 5. c4 Nb6 6. Be3 Bg7 7. Be2 O-O 8. h3 c5 9. Nc3 cxd4 10. Bxd4 Be6 11. Bxg7 Kxg7 12. b3 Nc6 13. O-O Qxd1 14. Raxd1 Rfd8 15. Nb5 Rac8 16. Nfd4 Nxd4 17. Nxd4 Bd7 18. f4 Bc6 19. Nxc6 Rxd1 20. Rxd1 Rxc6 21. Kf2 Rc7 22. Bf3 e6 23. Ke3 Kf6 24. Rd8 Nd7 25. Kd4 Ke7 26. Ra8 b6 27. g4 Kf6 28. Rd8 Ke7 29. Ra8 Kf6 30. h4 h6 31. Be4 Nc5 32. g5+ hxg5 33. hxg5+ Ke7 34. Bc2 Kd6 35. Rd8+ Ke7 36. Rh8 Rd7+ 37. Ke3 e5 38. fxe5 Ne6 39. b4 Rc7 40. Ba4 Nf8 41. Kd4 Rc8 42. Kc3 Ke6 43. Kd4 Kf5 44. Bd7+ Nxd7 45. Rxc8 Nxe5 46. c5 Nf3+ 47. Ke3 Nxg5 48. Rd8 bxc5 49. bxc5 Ne6 50. Rd5+ Kf6 51. c6 Ke7 52. Rd7+ Ke8 53. Rxa7 f5 54. Rh7 f4+ 55. Kf2 Kd8 56. a4 g5 57. a5 Nc5 58. Kf3 Kc8 59. Rg7 Ne6 60. Rg6 Nd4+ 61. Ke4 Nb3 62. Rxg5 f3 63. Kxf3 Nd4+ 64. Ke4 Nxc6 65. Rc5 Kb7 66. Kd5 Nb4+ 67. Kc4 Nc6 68. Rd5 Na7 69. Kc5 Ka6 70. Rd7 Nb5 71. Kb4 Nc7 72. Rd6+ Kb7 73. Rb6+ Ka7 74. Kc5 Na6+ 75. Kc6 Nb8+ 76. Kb5 Nd7 77. Rh6 Ne5 78. a6 Ka8 79. Rh8+ Ka7 80. Rh7+ Ka8 81. a7 Nf7 82. Kb6 Nd8 83. Rc7 1-0

[Event "CEDIS Festival saha - finale"]
[Site "Podgorica"]
[Date "2025.11.15"]
[Round "3.1"]
[White "Sijaric, Alvir"]
[Black "Sekulic, Nikola"]
[Result "1-0"]
[WhiteElo "1978"]
[BlackElo "2023"]
[WhiteFideId "-1"]
[WhiteFideId "-1"]
[PlyCount "59"]
[GameId "2245390994891440"]
[EventDate "2025.11.14"]
[EventType "tourn"]
[EventRounds "9"]
[EventCountry "MNE"]
[SourceVersionDate "2025.11.18"]

1. d4 e6 2. c4 d5 3. Nf3 b6 4. cxd5 Qxd5 5. g3 Bb7 6. Bg2 Nc6 7. O-O O-O-O 8. Nc3 Qc4 9. Be3 Qb4 10. Qc2 f6 11. a3 Qd6 12. Rfd1 Nge7 13. Bf4 Qd7 14. e4 g5 15. Be3 g4 16. Nh4 Ng6 17. Rac1 Nxh4 18. gxh4 Bd6 19. Nb5 Kb8 20. e5 Nxe5 21. dxe5 fxe5 22. Bxb7 Kxb7 23. Qe4+ Kb8 24. Nxc7 Bxc7 25. Rxd7 Rxd7 26. Qc6 Rg7 27. Rd1 g3 28. hxg3 Rc8 29. Rd7 Rg4 30. Rxh7 1-0

[Event "CEDIS Festival saha - finale"]
[Site "Podgorica"]
[Date "2025.11.15"]
[Round "3.2"]
[White "Rasovic, Uros"]
[Black "Zarudniak, Elisei"]
[Result "1-0"]
[WhiteElo "2242"]
[BlackElo "1660"]
[WhiteFideId "-1"]
[WhiteFideId "-1"]
[PlyCount "55"]
[GameId "2245391933584173"]
[EventDate "2025.11.14"]
[EventType "tourn"]
[EventRounds "9"]
[EventCountry "MNE"]
[SourceVersionDate "2025.11.18"]

1. e4 c5 2. Nf3 Nc6 3. Bb5 g6 4. Bxc6 dxc6 5. d3 Bg7 6. Nc3 Nf6 7. h3 Nd7 8. Be3 e5 9. Qd2 h6 10. O-O b6 11. Nh2 Nf8 12. f4 exf4 13. Bxf4 Ne6 14. Be3 Nd4 15. Kh1 Be6 16. a4 Qd6 17. a5 b5 18. Nf3 g5 19. Qf2 Nxf3 20. Qxf3 Ke7 21. e5 Qxe5 22. Qxc6 Rhc8 23. Qb7+ Kf8 24. Rae1 b4 25. Bf4 Qd4 26. Rxe6 gxf4 27. Re4 Rab8 28. Qe7+ 1-0

[Event "CEDIS Festival saha - finale"]
[Site "Podgorica"]
[Date "2025.11.15"]
[Round "3.3"]
[White "Pavlovic, David"]
[Black "Abramovic, Dragoljub"]
[Result "0-1"]
[WhiteElo "1747"]
[BlackElo "1981"]
[WhiteFideId "-1"]
[WhiteFideId "-1"]
[PlyCount "120"]
[GameId "2245392565650260"]
[EventDate "2025.11.14"]
[EventType "tourn"]
[EventRounds "9"]
[EventCountry "MNE"]
[SourceVersionDate "2025.11.18"]

1. e4 Nc6 2. Nc3 Nf6 3. Nf3 d6 4. d4 Bg4 5. Be2 e6 6. Be3 d5 7. e5 Nd7 8. Qd2 Nb6 9. O-O Bb4 10. a3 Bxc3 11. Qxc3 h6 12. b3 Qd7 13. Qd2 Ne7 14. c4 Nf5 15. c5 Nc8 16. Rac1 Nce7 17. b4 O-O 18. h3 Bxf3 19. Bxf3 Nxe3 20. fxe3 f6 21. exf6 Rxf6 22. Bg4 Nf5 23. Bxf5 exf5 24. Qc2 g6 25. Rce1 Raf8 26. Rf3 Kg7 27. Ref1 h5 28. Qf2 R8f7 29. Qh4 Qe6 30. Rg3 Kf8 31. Rgf3 Ke7 32. Qf4 Kd7 33. b5 Qe4 34. Qxe4 dxe4 35. R3f2 Ke6 36. a4 Kd5 37. g4 hxg4 38. hxg4 f4 39. Rxf4 Rxf4 40. Rxf4 Rxf4 41. exf4 Kxd4 42. Kf2 Kxc5 43. Ke3 Kd5 44. f5 gxf5 45. gxf5 Ke5 46. f6 Kxf6 47. Kxe4 Ke6 48. Kd4 Kd6 49. Kc4 c6 50. Kd4 c5+ 51. Kc4 b6 52. Kc3 Kd5 53. Kd3 c4+ 54. Kc3 Kc5 55. Kc2 Kb4 56. Kb2 Kxa4 57. Kc3 Kxb5 58. Kc2 Kb4 59. Kb2 b5 60. Kc2 c3 0-1

[Event "CEDIS Festival saha - finale"]
[Site "Podgorica"]
[Date "2025.11.15"]
[Round "3.4"]
[White "Vujadinovic, Zeljko"]
[Black "Djukanovic, Sreten"]
[Result "0-1"]
[WhiteElo "1831"]
[BlackElo "2115"]
[WhiteFideId "-1"]
[WhiteFideId "-1"]
[PlyCount "66"]
[GameId "2245394476934283"]
[EventDate "2025.11.14"]
[EventType "tourn"]
[EventRounds "9"]
[EventCountry "MNE"]
[SourceVersionDate "2025.11.18"]

1. d4 c5 2. c3 Nf6 3. Nf3 d5 4. Bf4 Nc6 5. Nbd2 Nh5 6. Bg3 Nxg3 7. hxg3 cxd4 8. cxd4 Qb6 9. Qb3 Nxd4 10. Nxd4 Qxd4 11. e3 Qc5 12. Bb5+ Kd8 13. O-O e6 14. Be2 Qb4 15. Qc2 Bd7 16. a3 Qc5 17. Qd3 Rc8 18. Rfc1 Qxc1+ 19. Rxc1 Rxc1+ 20. Kh2 h5 21. Nb3 Rc8 22. Qd4 b6 23. e4 h4 24. exd5 hxg3+ 25. Kxg3 Bd6+ 26. f4 Ke7 27. dxe6 Bxe6 28. Qe3 g5 29. Kf2 Bxf4 30. Qe4 Rh4 31. g4 Rh2+ 32. Ke1 Kf8 33. Bf3 a5 0-1

[Event "CEDIS Festival saha - finale"]
[Site "Podgorica"]
[Date "2025.11.15"]
[Round "3.5"]
[White "Lakusic, Zoran"]
[Black "Jankovic, Jovan"]
[Result "0-1"]
[WhiteElo "1713"]
[BlackElo "1890"]
[WhiteFideId "-1"]
[WhiteFideId "-1"]
[PlyCount "54"]
[GameId "2245395306493143"]
[EventDate "2025.11.14"]
[EventType "tourn"]
[EventRounds "9"]
[EventCountry "MNE"]
[SourceVersionDate "2025.11.18"]

1. Nf3 Nf6 2. c4 d5 3. d4 c6 4. c5 Nbd7 5. Nc3 g6 6. e4 dxe4 7. Ng5 Bg7 8. Bc4 O-O 9. Qb3 Qe8 10. Be3 b5 11. Be2 a5 12. h4 b4 13. Ncxe4 Nxe4 14. Nxe4 Nf6 15. Ng5 Nd5 16. h5 h6 17. Ne4 f5 18. g4 fxe4 19. g5 Qf7 20. hxg6 Qxg6 21. Bh5 Qf5 22. gxh6 Bf6 23. Rg1+ Kh8 24. Bg4 Qg6 25. f3 Bxg4 26. Rxg4 Qf5 27. O-O-O Qxf3 0-1

[Event "CEDIS Festival saha - finale"]
[Site "Podgorica"]
[Date "2025.11.16"]
[Round "4.1"]
[White "Sekulic, Nikola"]
[Black "Jankovic, Jovan"]
[Result "1-0"]
[WhiteElo "2023"]
[BlackElo "1890"]
[WhiteFideId "-1"]
[WhiteFideId "-1"]
[PlyCount "139"]
[GameId "2245397134382360"]
[EventDate "2025.11.14"]
[EventType "tourn"]
[EventRounds "9"]
[EventCountry "MNE"]
[SourceVersionDate "2025.11.18"]

1. e4 e5 2. Nf3 Nf6 3. Nc3 Nc6 4. Bc4 Bc5 5. O-O O-O 6. h3 h6 7. d3 d6 8. Nd5 Na5 9. Bb3 Nxb3 10. axb3 Nxd5 11. exd5 Qf6 12. Be3 Bxe3 13. fxe3 Qg6 14. Kh2 f5 15. Ng1 Bd7 16. Qf3 a6 17. Ne2 Rf6 18. Qg3 Qf7 19. c4 Rf8 20. Rf2 Kh7 21. Raf1 g5 22. Kh1 Qg6 23. d4 f4 24. exf4 exf4 25. Qc3 Re8 26. Ng1 Re3 27. Qxe3 fxe3 28. Rxf6 Qe8 29. Rf7+ Kg8 30. Rf8+ Qxf8 31. Rxf8+ Kxf8 32. Nf3 Bf5 33. Ne1 Bb1 34. Kg1 Ba2 35. Nc2 e2 36. Kf2 Bxb3 37. Ne3 Bd1 38. g4 Kg7 39. Ke1 Bb3 40. Kxe2 Kg6 41. Kd2 h5 42. Kc3 Ba4 43. Kb4 Bd7 44. Ka5 hxg4 45. hxg4 Kf7 46. b4 Bc8 47. c5 Ke7 48. b5 axb5 49. Kxb5 Bd7+ 50. c6 Bc8 51. Kc4 b6 52. Kd3 Kf6 53. Ke4 Ba6 54. Nd1 b5 55. Kd3 b4+ 56. Kc2 Bc8 57. Ne3 Bxg4 58. Nxg4+ Kf5 59. Nf2 g4 60. Kb3 g3 61. Nh3 Ke4 62. Kxb4 Kxd5 63. Kb5 Ke4 64. Ka6 Kf3 65. Kb7 Kg2 66. Kxc7 Kxh3 67. Kxd6 g2 68. c7 g1=Q 69. c8=Q+ Kh4 70. Qh8+ 1-0

[Event "CEDIS Festival saha - finale"]
[Site "Podgorica"]
[Date "2025.11.16"]
[Round "4.2"]
[White "Djukanovic, Sreten"]
[Black "Lakusic, Zoran"]
[Result "1-0"]
[WhiteElo "2115"]
[BlackElo "1713"]
[WhiteFideId "-1"]
[WhiteFideId "-1"]
[PlyCount "107"]
[GameId "2245400611518285"]
[EventDate "2025.11.14"]
[EventType "tourn"]
[EventRounds "9"]
[EventCountry "MNE"]
[SourceVersionDate "2025.11.18"]

1. d4 e6 2. c4 Bb4+ 3. Nc3 Ne7 4. Nf3 d6 5. e3 h6 6. Bd3 Nd7 7. Qc2 Nf6 8. O-O Bxc3 9. Qxc3 b6 10. e4 Bb7 11. Re1 Ng6 12. c5 O-O 13. c6 Bc8 14. Bc2 Re8 15. e5 Nd5 16. Qb3 a5 17. Be4 a4 18. Qc2 Nb4 19. Qb1 Ne7 20. exd6 Qxd6 21. g3 f5 22. Bf4 Qd8 23. Bd3 Nxd3 24. Qxd3 Nxc6 25. Qc4 Bd7 26. d5 Na5 27. Qc3 exd5 28. Rxe8+ Bxe8 29. Bxc7 Qc8 30. Rc1 Nc4 31. Bf4 Qe6 32. b3 axb3 33. axb3 Nd6 34. Nd4 Qf6 35. Bxd6 Qxd6 36. Nxf5 Qf6 37. Qxf6 gxf6 38. Ne7+ Kf7 39. Nxd5 Rb8 40. f4 Ke6 41. Nc7+ Kd7 42. Nxe8 Rxe8 43. Kf2 Ra8 44. Kf3 Ra3 45. Rc3 Kd6 46. Kg4 Kd5 47. Kf5 Kd4 48. Rf3 Kc5 49. Kxf6 Kb4 50. Kg6 Rxb3 51. Rxb3+ Kxb3 52. f5 b5 53. f6 b4 54. f7 1-0

[Event "CEDIS Festival saha - finale"]
[Site "Podgorica"]
[Date "2025.11.16"]
[Round "4.3"]
[White "Abramovic, Dragoljub"]
[Black "Vujadinovic, Zeljko"]
[Result "1-0"]
[WhiteElo "1981"]
[BlackElo "1831"]
[WhiteFideId "-1"]
[WhiteFideId "-1"]
[PlyCount "83"]
[GameId "2245406687238052"]
[EventDate "2025.11.14"]
[EventType "tourn"]
[EventRounds "9"]
[EventCountry "MNE"]
[SourceVersionDate "2025.11.18"]

1. Nf3 Nf6 2. b3 b6 3. Bb2 Bb7 4. d3 d6 5. Nbd2 e5 6. g3 Be7 7. Bg2 O-O 8. O-O h6 9. e3 Qc8 10. Qe2 Na6 11. Nh4 Bxg2 12. Kxg2 Nh7 13. Nhf3 f5 14. Ng1 Qb7+ 15. f3 Rae8 16. c4 Bf6 17. Rae1 Nb4 18. a3 Na6 19. Nb1 Nc5 20. b4 Nd7 21. Nc3 g5 22. Nd5 Bg7 23. Qc2 c5 24. Bc3 Nhf6 25. Nxf6+ Nxf6 26. e4 f4 27. Ne2 Qd7 28. gxf4 gxf4 29. Kh1 Kh8 30. Rf2 Nh5 31. Rg2 Qh3 32. Ng1 Qh4 33. Rg4 Qe7 34. Re2 Rg8 35. Reg2 Bf6 36. Rxg8+ Rxg8 37. Rxg8+ Kxg8 38. Qg2+ Qg7 39. Qh3 Qf7 40. Be1 Bg5 41. Qg4 Nf6 42. Qc8+ 1-0

[Event "CEDIS Festival saha - finale"]
[Site "Podgorica"]
[Date "2025.11.16"]
[Round "4.4"]
[White "Zarudniak, Elisei"]
[Black "Pavlovic, David"]
[Result "0-1"]
[WhiteElo "1660"]
[BlackElo "1747"]
[WhiteFideId "-1"]
[WhiteFideId "-1"]
[PlyCount "90"]
[GameId "2245407601948641"]
[EventDate "2025.11.14"]
[EventType "tourn"]
[EventRounds "9"]
[EventCountry "MNE"]
[SourceVersionDate "2025.11.18"]

1. e4 c6 2. Nf3 d5 3. exd5 cxd5 4. Ne5 Nc6 5. d4 Nf6 6. Bb5 Bd7 7. Nxd7 Qxd7 8. c3 e6 9. Bf4 Bd6 10. Bxd6 Qxd6 11. O-O O-O 12. Nd2 Ne7 13. Bd3 Ng6 14. f3 a6 15. g3 e5 16. Bxg6 hxg6 17. dxe5 Qxe5 18. Re1 Qh5 19. Kg2 Kh7 20. Nb3 Rh8 21. h4 g5 22. hxg5 Qxg5 23. Rh1+ Kg8 24. Rxh8+ Kxh8 25. Qd2 Qg6 26. Rh1+ Kg8 27. Nd4 Re8 28. Kf2 Nh7 29. Ne2 Qb6+ 30. Nd4 Qf6 31. Rh4 Ng5 32. Kg2 Ne6 33. Nxe6 Qxe6 34. Kf2 Qb6+ 35. Kg2 Qe6 36. Kf2 Qb6+ 37. Kg2 Qb5 38. Kf2 Re6 39. Rd4 Rh6 40. Kg1 Qc5 41. Kg2 Qc8 42. Rg4 Qe6 43. Kg1 Rh7 44. Re4 Qc6 45. Qxd5 Rh1+ 0-1

[Event "CEDIS Festival saha - finale"]
[Site "Podgorica"]
[Date "2025.11.16"]
[Round "4.5"]
[White "Sijaric, Alvir"]
[Black "Rasovic, Uros"]
[Result "1-0"]
[WhiteElo "1978"]
[BlackElo "2242"]
[WhiteFideId "-1"]
[WhiteFideId "-1"]
[PlyCount "81"]
[GameId "2245408917166208"]
[EventDate "2025.11.14"]
[EventType "tourn"]
[EventRounds "9"]
[EventCountry "MNE"]
[SourceVersionDate "2025.11.18"]

1. d4 Nf6 2. c4 e6 3. Nf3 Bb4+ 4. Bd2 Qe7 5. g3 b6 6. Bg2 Bb7 7. O-O Bxd2 8. Qxd2 d6 9. Nc3 Ne4 10. Qc2 Nxc3 11. Qxc3 Nd7 12. b4 O-O 13. a3 h6 14. Rfd1 Rfe8 15. Rac1 e5 16. d5 a5 17. e4 Ra7 18. Ne1 Rea8 19. Ra1 Qf8 20. Nc2 axb4 21. axb4 Rxa1 22. Rxa1 c5 23. b5 Nf6 24. Rxa8 Qxa8 25. Qa3 Qb8 26. Ne3 Bc8 27. h3 g6 28. Kh2 Kg7 29. Qa1 g5 30. g4 Ng8 31. h4 gxh4 32. f4 Nf6 33. f5 h5 34. Qe1 Qc7 35. g5 Nh7 36. Qxh4 Qd8 37. f6+ Kg6 38. Bf3 Nxg5 39. Qxh5+ Kxf6 40. Qh6+ Ke7 41. Qxg5+ 1-0

[Event "CEDIS Festival saha - finale"]
[Site "Podgorica"]
[Date "2025.11.16"]
[Round "5.1"]
[White "Rasovic, Uros"]
[Black "Sekulic, Nikola"]
[Result "1-0"]
[WhiteElo "2242"]
[BlackElo "2023"]
[WhiteFideId "-1"]
[WhiteFideId "-1"]
[PlyCount "85"]
[GameId "2245681638899767"]
[EventDate "2025.11.14"]
[EventType "tourn"]
[EventRounds "9"]
[EventCountry "MNE"]
[SourceVersionDate "2025.11.18"]

1. e4 c5 2. Nf3 Nc6 3. Bb5 e6 4. Bxc6 bxc6 5. b3 d5 6. Qe2 Nf6 7. Nc3 Be7 8. O-O a5 9. d3 Qc7 10. Bg5 O-O 11. e5 Ne8 12. Bxe7 Qxe7 13. Na4 Nc7 14. c4 Na6 15. Qd2 Qc7 16. Rac1 Bd7 17. Qe3 d4 18. Qe2 f5 19. exf6 gxf6 20. Nd2 e5 21. Ne4 Qa7 22. f4 exf4 23. Rxf4 Rae8 24. Qh5 f5 25. Rh4 Re7 26. Nf6+ Rxf6 27. Qg5+ Rg7 28. Qxf6 Qc7 29. Re1 Rf7 30. Qh6 Qd8 31. Rh5 Rg7 32. Qd6 f4 33. Qxf4 Be8 34. Rhe5 Bg6 35. Nxc5 Nxc5 36. Rxc5 Bxd3 37. Rd1 Be2 38. Qxd4 Qf8 39. Re1 Rg4 40. Qe3 Rf4 41. Rg5+ Kh8 42. Qxe2 h6 43. Qe5+ 1-0